000 00794nam a2200229 a 4500
001 49087
003 BD-RjUL
005 20211209054631.0
008 160817s1985 bg |||| ||| 000 0 ben d
020 _c: Tk. 16.00
035 _a(BD-RjUL)49206
040 _aBD-RjUL
_bben
_cBD-RjUL
_dBD-RjUL
041 _aeng
082 _223
_a891.441
_bCHP 1985
100 1 _aচৌধুরী, খালেদা এদিব
_9147654
245 1 0 _aপাথরে আগুন /
_cখালেদা এদিব চৌধুরী
260 _aঢাকা :
_bঅনিনদ্য প্রকাশন,
_c১৯৮৫ [১৩৯১]
300 _a৫৫ পৃ. ;
_c২২ সেমি.
650 _aবাংলা কবিতা
_9147655
650 _aBengali poetry
_9147656
942 _2ddc
_cBK
999 _c49087
_d49087